[Event "Tata Steel-A 75th"]
[Site "Wijk aan Zee"]
[Date "2013.01.26"]
[Round "12"]
[White "Anand, Viswanathan"]
[Black "L'Ami, Erwin"]
[Result "1-0"]
[WhiteElo "2772"]
[BlackElo "2627"]
[Annotator "Szabo,Kr"]
[PlyCount "107"]
[EventDate "2013.01.12"]
[EventType "tourn"]
[EventRounds "13"]
[EventCountry "NED"]
[EventCategory "20"]
[SourceTitle "CBM 153"]
[Source "ChessBase"]
[SourceDate "2013.03.14"]
[SourceVersion "1"]
[SourceVersionDate "2013.03.14"]
[SourceQuality "1"]

1. e4 c5 2. Nf3 d6 3. d4 cxd4 4. Nxd4 Nf6 5. Nc3 a6 6. Be3 e5 7. Nb3 Be6 8. h3
$5 {This move has become very popular nowadays. White's plan is Qf3 followed
by 0-0-0 and g4.} (8. f3) ({or} 8. Qd2 {were the main lines.}) 8... Be7 9. Qf3
O-O (9... Nbd7 {Black wants to develop his queenside first.} 10. g4 h6 11.
O-O-O b5 {looks more flexible.} (11... Rc8 {/\ Rxc3} 12. Nd5 (12. Kb1 $2 {
is met by the typical exchange sacrifice} Rxc3 $1 13. bxc3 Qc7 $36) 12... Bxd5
13. exd5 Nb6 14. h4 (14. Kb1 e4 (14... Qc7 15. c3 Nc4 (15... Nbxd5 $2 16. Rxd5
Qc6 17. c4 $1 Nxd5 18. Qxd5 $16) 16. Bc1 $14) (14... Nc4 15. Bc1) 15. Bxb6 (15.
Qg2 $6 Nbxd5 $15) 15... Qxb6 (15... exf3 16. Bxd8 Bxd8 17. Nd2 $14) 16. Qe2 $14
) 14... Qc7 15. c3 Nbxd5 $1 16. Bd2 (16. Rxd5 $6 Qc6 17. Bg2 e4 18. Qf5 g6 $1 (
18... Nxd5 $2 19. Bxe4 $18) 19. Rxd6 (19. Qf4 Nxd5 20. Qxe4 Nxe3 $19) 19...
gxf5 20. Rxc6 Rxc6 21. Nd4 Nxg4 $1 (21... Rc7 22. Nxf5 Nxg4 23. Bb6 Rc6 24. Bd4
Nf6 25. Bxe4 $44) 22. Nxc6 bxc6 $15) 16... Nb6 (16... Nb4 17. g5 Nd7 18. Kb1
Qc6 19. Bg2 Qxf3 20. Bxf3 Nc6 21. gxh6 gxh6 22. Be3 $44) 17. g5 Nfd7 18. gxh6
gxh6 19. Kb1 $44 {Kamsky-Gelfand, Kazan m/3 2011}) 12. Kb1 (12. Nd5 Bxd5 13.
exd5 Nb6 14. Rg1 Nc4 15. h4 Nh7 16. g5 hxg5 17. Bd3 gxh4 (17... Nxe3 18. fxe3
gxh4 (18... Ra7 19. Rdf1 Bf6 20. h5 Nf8 21. Nd2 $44 {Kuipers-Deepan
Chakkravarthy, Vlissingen 2011}) 19. Rdf1 Nf6 20. Rxg7 Ra7 $13) 18. Qh5 (18.
Rxg7 $2 Ng5 $17)) 12... Qc7 $13) 10. O-O-O Qc7 (10... b5 {is also possible} 11.
g4 b4 12. Nd5 Nxd5 (12... Bxd5 13. exd5 a5 14. Kb1 a4 15. Nd2) 13. exd5 Bc8 14.
Bd3 a5 15. Nd2 (15. Nc5 a4 (15... dxc5 16. d6 Ra7 17. dxe7 Qxe7 18. Rhe1 $44)
16. Kb1 (16. Ne4 Ba6 17. g5 b3 18. a3 Qc8 19. c3 Bxd3 20. Rxd3 Nd7 21. Rg1 f5
22. gxf6 Nxf6 23. Nxf6+ Rxf6 $15 {Shirov-Volokitin, Eilat 2012})) 15... Bg5 16.
Kb1 (16. Bxg5 Qxg5 17. Qe4 f5 18. Qe3 Qf6 19. gxf5 Bxf5 20. Bxf5 Qxf5 21. Ne4
Ra6 22. Rhg1 Nd7 23. Qe2 Rb6 24. Rg3 g6 $13 {Harikrishna-Leko, Wijk aan Zee
2013})) 11. g4 Rc8 12. Kb1 $146 (12. g5 Nfd7 (12... Ne8 {is too passive} 13.
Kb1 a5 14. a4 Na6 15. h4 Nb4 16. h5 $16 {Fedorchuk-Bajarani, Nakhchivan 2011})
13. Kb1 a5 {- 12.Kb1} (13... b5 14. Bd3)) 12... a5 $5 13. a3 ({On} 13. a4 Na6 {
is the typical knight move after a5 a4.}) ({I think} 13. g5 $5 {is the best
move} Nfd7 {and only now} 14. a3 a4 (14... Nb6 $5 {Compared to the text move,
this is an extra choice.}) 15. Nc1 b5 $6 {is not so strong compared to the
game!} 16. Bxb5) 13... a4 14. Nc1 ({The computer suggests} 14. Na1 {, but it's
not a human move.}) 14... b5 $1 {Very strong and ambitious!} 15. N1a2 (15. Bxb5
Qb7 16. N1e2 Ra5 17. Bxa4 Rxa4 $1 18. Nxa4 Nxe4 19. Kc1 d5 $40) (15. g5 {
is already too late, because of} b4 $1 16. gxf6 (16. axb4 $2 a3 $1 17. gxf6
axb2 $19) 16... bxc3 17. fxe7 cxb2 18. e8=Q+ Rxe8 19. Nd3 Qc3 20. Nxb2 Qxa3 $40
) 15... Bxa2+ 16. Nxa2 (16. Kxa2 $2 {is not possible, because of} b4 $1 17.
axb4 a3 $19 {Black crushes White's queenside.}) 16... Qxc2+ 17. Ka1 Nc6 18. Rc1
$6 (18. Bd3 {pushing back the black queen.} Qb3 19. Nc1 Qe6 20. g5 Nd7 21. Bxb5
Nc5 $132) 18... Qxe4 19. Qxe4 Nxe4 20. Bxb5 Nc5 21. Bxc5 dxc5 22. Rc4 Na5 (
22... Nd4 $5 23. Bxa4 Bh4 24. Nc1 Bxf2 25. Nd3 Bg3 {Black's chances look
completely good.}) 23. Rxa4 Rcb8 $6 {Until this Black played almost the best
moves, but now he makes some mistakes.} (23... Bh4 $142 {puts some pressure on
the kingside.}) 24. Bc4 e4 $2 {This is a very nervous move. He wants to
activate his bishop from f6, but White can protect his queenside easily and
soon the e4 pawn will fall.} ({Black should hold the position by} 24... Rd8 25.
Kb1 Bh4 26. f3 Bf2 27. Nc3 Bd4 28. Nb5 Nxc4 29. Rxc4 Ra6 $13) 25. Bd5 Bf6 26.
Nc3 (26. Bxa8 $2 Rxb2 27. Rxa5 Rb8+ 28. Nc3 Bxc3+ 29. Ka2 Rb2+ 30. Ka1 Rxf2+
31. Kb1 Bxa5 32. Bxe4 Bd2 $15) 26... Ra6 27. Rc1 {White defends his position,
the e4-pawn is lost.} c4 $2 (27... g6 28. Ka2 Rab6 (28... Kg7 29. Rc2 $16) 29.
Rc2 Nb3 30. Bxb3 Rxb3 31. Rxe4 $14) 28. Ka2 ({Perharps} 28. Bxc4 $1 {was the
strongest, but the text move also keeps the advantage.} Rab6 (28... Rc6 29. Ba2
Nb7 30. Rb4 $16) 29. Rxa5 Rxb2 30. Ra8 (30. a4 $5) 30... Rb1+ 31. Rxb1 Bxc3+
32. Ka2 Rxa8 33. Bd5 Rc8 34. Rb7 Rd8 35. a4 g6 36. Bxe4 $14) 28... Nb3 29. Rc2
Nc1+ $1 {Black tries to create some tricks, but White can avoid them easily.} (
29... Rxa4 30. Nxa4 $16) 30. Kb1 (30. Rxc1 $2 Bxc3 31. Rxa6 Rxb2+ 32. Ka1 Rc2+
$11) 30... Rxa4 31. Nxa4 Nd3 32. Bxc4 h5 (32... Ne1 33. Re2 Nf3 34. Ka2 $16)
33. Bxd3 exd3 34. Rd2 hxg4 35. hxg4 Re8 36. Rxd3 Re4 37. Nc3 Rxg4 38. b4 g5 39.
Nd5 $18 {Now the rest is an easy technical job.} Be5 40. Kc2 Kf8 41. a4 Rc4+
42. Kb3 Rd4 43. Rxd4 Bxd4 44. f3 f5 45. Kc4 Bf2 46. Kd3 (46. b5 g4 47. fxg4
fxg4 48. a5 g3 49. Nf4 $18) 46... g4 47. Ke2 Bd4 48. Ne3 g3 49. f4 Kf7 50. Kf3
Ke6 51. b5 Bb6 52. Nc4 Bc5 53. a5 Bd4 54. a6 1-0

[Event "Zuerich Chess Challenge Blitz"]
[Site "Zuerich"]
[Date "2013.02.22"]
[Round "6"]
[White "Gelfand, Boris"]
[Black "Anand, Viswanathan"]
[Result "1/2-1/2"]
[WhiteElo "2740"]
[BlackElo "2780"]
[PlyCount "69"]
[EventDate "2013.02.22"]
[EventType "tourn (blitz)"]
[EventRounds "6"]
[EventCountry "SUI"]
[EventCategory "21"]
[SourceTitle "CBM 153 Extra"]
[Source "ChessBase"]
[SourceDate "2013.04.22"]
[SourceVersion "1"]
[SourceVersionDate "2013.04.22"]
[SourceQuality "1"]

1. c4 c5 2. Nc3 g6 3. g3 Bg7 4. Bg2 Nc6 5. Nf3 e6 6. d4 cxd4 7. Nb5 d5 8. cxd5
Qa5+ 9. Qd2 Qxb5 10. dxc6 Ne7 11. Nxd4 Qb6 12. O-O O-O 13. cxb7 Bxb7 14. Bxb7
Qxb7 15. Nb3 Rfd8 16. Qf4 Nd5 17. Qf3 a5 18. Nc5 Qb5 19. Nd3 Nb4 20. Nxb4 Qxb4
21. Bg5 Rdb8 22. Rad1 Qb5 23. Bf4 Re8 24. b3 a4 25. Rd3 e5 26. Rd5 Qa6 27. Bg5
axb3 28. axb3 h6 29. Bc1 e4 30. Qe3 Qb7 31. Rfd1 Rab8 32. Rd7 Qxb3 33. Qxb3
Rxb3 34. Rd8 Rb8 35. Rxe8+ 1/2-1/2

[Event "Norway Masters blitz"]
[Site "Stavanger"]
[Date "2013.05.07"]
[Round "9"]
[White "Topalov, Veselin"]
[Black "Anand, Viswanathan"]
[Result "1/2-1/2"]
[WhiteElo "2793"]
[BlackElo "2783"]
[PlyCount "112"]
[EventDate "2013.05.07"]
[EventType "tourn (blitz)"]
[EventRounds "9"]
[EventCountry "NOR"]
[EventCategory "21"]
[SourceTitle "CBM 154 Extra"]
[Source "ChessBase"]
[SourceDate "2013.06.25"]
[SourceVersion "2"]
[SourceVersionDate "2013.06.25"]
[SourceQuality "1"]

1. Nf3 Nf6 2. g3 d5 3. Bg2 c6 4. d3 Bg4 5. b3 Nbd7 6. Bb2 e6 7. Nbd2 Be7 8. e3
a5 9. a3 O-O 10. h3 Bxf3 11. Nxf3 Ne8 12. O-O Bf6 13. d4 Nd6 14. Ne5 a4 15. Nd3
axb3 16. cxb3 Re8 17. a4 e5 18. dxe5 Nxe5 19. Nxe5 Bxe5 20. Bxe5 Rxe5 21. Rc1
Qb6 22. Rc3 Ne4 23. Rd3 g6 24. Qc2 Re7 25. Rd4 Ng5 26. Qc3 Ne6 27. Rd2 Qc5 28.
Rc1 Qxc3 29. Rxc3 f5 30. h4 Kf7 31. Bf3 Kf6 32. Bd1 h6 33. b4 g5 34. b5 cxb5
35. axb5 Rd7 36. Bf3 Rad8 37. Kh2 d4 38. exd4 Nxd4 39. Rb2 Nxf3+ 40. Rxf3 Rd2
41. hxg5+ hxg5 42. Rfb3 R8d5 43. Rxd2 Rxd2 44. Kg2 g4 45. b6 Ke6 46. Kf1 Kd6
47. f3 gxf3 48. Rxf3 Rd5 49. Rb3 Kc6 50. Ke2 Rb5 51. Rd3 Kxb6 52. Rd6+ Kc7 53.
Rf6 Rd5 54. Ke3 b5 55. Rg6 b4 56. g4 fxg4 1/2-1/2

[Event "Norway Chess 1st"]
[Site "Stavanger"]
[Date "2013.05.13"]
[Round "5"]
[White "Svidler, Peter"]
[Black "Anand, Viswanathan"]
[Result "1/2-1/2"]
[WhiteElo "2769"]
[BlackElo "2783"]
[Annotator "Marin,M"]
[PlyCount "59"]
[EventDate "2013.05.08"]
[EventType "tourn"]
[EventRounds "9"]
[EventCountry "NOR"]
[EventCategory "21"]
[SourceTitle "CBM 155"]
[Source "ChessBase"]
[SourceDate "2013.07.16"]
[SourceVersion "1"]
[SourceVersionDate "2013.07.16"]
[SourceQuality "1"]

1. e4 c5 2. Nf3 d6 3. d4 cxd4 4. Nxd4 Nf6 5. Nc3 a6 6. h3 e5 7. Nde2 {This
retreat has been fashionable for a while after 6.Be3 e5, thanks to the efforts
of Dieter Nisipeanu. However, there is a lot of practical material with the
current position as well.} h5 8. Bg5 Be6 9. g3 Nbd7 10. a4 Be7 11. Bg2 O-O (
11... Rc8 12. O-O Nh7 13. Be3 h4 14. g4 O-O 15. Qd2 Rc6 16. Rac1 Bg5 {Motylev,
A (2655)-Nepomniachtchi,I (2717)/Yekaterinburg 2013/ (1/2, 40)}) 12. O-O b5 {
Black cannot afford to delay his counterplay, facing the risk of being
submitted to a blockade on the light squares.} 13. axb5 axb5 14. Rxa8 Qxa8 15.
Nxb5 Qb8 16. Bxf6 Nxf6 17. Qd3 Qc8 18. Nxd6 $146 (18. b3 Bxh3 19. c4 h4 {
Naiditsch,A (2685)-Urkedal,F (2438)/Stockholm 2011/CBM 140 Extra (1-0, 49)})
18... Bxd6 19. Qxd6 Qxc2 20. Nc3 Qxb2 21. Nd1 Qb8 22. Qxb8 Rxb8 23. Ne3 g6 24.
h4 Ng4 25. Nxg4 Bxg4 26. Rc1 Kg7 27. Rc5 Rb1+ 28. Kh2 Rb2 29. Kg1 Rb1+ 30. Kh2
1/2-1/2

[Event "Norway Chess 1st"]
[Site "Stavanger"]
[Date "2013.05.17"]
[Round "8"]
[White "Anand, Viswanathan"]
[Black "Hammer, Jon Ludvig"]
[Result "1-0"]
[WhiteElo "2783"]
[BlackElo "2608"]
[Annotator "Krasenkow,M"]
[PlyCount "89"]
[EventDate "2013.05.08"]
[EventType "tourn"]
[EventRounds "9"]
[EventCountry "NOR"]
[EventCategory "21"]
[SourceTitle "CBM 155"]
[Source "ChessBase"]
[SourceDate "2013.07.16"]
[SourceVersion "1"]
[SourceVersionDate "2013.07.16"]
[SourceQuality "1"]

1. d4 Nf6 2. c4 g6 3. Nc3 d5 4. cxd5 Nxd5 5. Bd2 Bg7 6. e4 Nxc3 7. Bxc3 O-O 8.
Qd2 c5 9. d5 Bxc3 10. bxc3 e6 {For this line - see Gelfand - Grischuk in CBM
154.} 11. d6 {The World Champion goes for the most principled although
double-edged line.} e5 {[%csl Rd6]} 12. h4 Be6 13. Nh3 $5 $146 {[%mdl 512]} (
13. h5 g5 14. h6 Kh8 15. Nf3 f6 16. Be2 Nc6 17. Nh2 Qd7 18. Nf1 Nd8 19. Rd1 Nf7
$13 {1-0 (49) Akesson,R (2466)-Boros,D (2457) Budapest 2008}) 13... Qxh4 {
Black accepts the pawn sacrifice, which leads to big complications.} (13... f6
$5) 14. O-O-O Qxe4 (14... Nd7 15. Bb5 $44) (14... h5 15. f3 $44) 15. Bd3 (15.
Ng5 $142 Qf4 16. Qxf4 exf4 17. Nxh7 Rd8 18. Ng5 Nd7 (18... Bxa2 19. Kb2 Be6 20.
Nxe6 fxe6 21. Bc4 $44) 19. Nxe6 fxe6 20. Bc4 Nf8 21. Rhe1 Kg7 22. Bxe6 Nxe6 23.
Rxe6 {keeping some pressure in the rook ending.}) 15... Qa4 16. Ng5 Qxa2 17.
Qe3 (17. Qxa2 Bxa2 18. Kb2 Be6 19. Rxh7 Nd7 20. Rh4 {was also possible,
keeping good compensation for the material. With the queens on the board,
White's king can be as vulnerable as Black's.}) 17... Qa3+ 18. Kd2 Qb2+ 19. Bc2
$1 (19. Ke1 Qxc3+ 20. Kf1 Qd4) 19... Bf5 20. Rc1 $6 {White takes a risk, which
pays off.} (20. Nxh7 {lead to a perpetual after} Bxc2 $1 21. Qh6 $1 Bxd1+ 22.
Kxd1 Qb1+ {V.Anand}) 20... Rd8 $2 {A natural but losing move.} (20... Nc6 $1 {
was correct:} 21. Nxh7 Rfd8 $1 22. Nf6+ (22. Qh6 f6 $1 23. Nxf6+ Kf7) 22... Kg7
23. Nd5 Rh8 $1 24. Ne7 $1 Bxc2 25. Rxc2 Qb5 26. Rxh8 Rxh8 27. Nxc6 Qxc6 28.
Qxe5+ Kg8 {, and Black keeps an advantage. However, he failed to find such a
subtle defence over the board.}) 21. Nxf7 $1 {[%mdl 192]} Kxf7 22. Qxe5 Rxd6+
$8 (22... Kg8 $2 23. Qd5+ Kg7 24. Rxh7+ Kxh7 25. Rh1+ Kg7 26. Qe5+ $18 {
M.Golubev}) 23. Qxd6 Nc6 24. Rxh7+ Kg8 25. Rd7 $1 {This is probably what Black
overlooked.} Re8 26. Qf6 $1 Bxd7 27. Qxg6+ Kf8 28. Qf6+ Kg8 29. Rh1 Re2+ 30.
Kxe2 Nd4+ (30... Qxc2+ 31. Ke3 $18) 31. cxd4 Qxc2+ 32. Ke3 Qc3+ 33. Kf4 Qxd4+
34. Qxd4 cxd4 {Black has avoided mate but the endgame is hopeless for him.} 35.
Ke4 a5 36. Kxd4 a4 37. Kc3 b5 38. Kb4 Kf7 39. Rh7+ Ke6 40. g4 Be8 41. f4 Kf6
42. Rh6+ Kg7 43. g5 Bg6 44. Rh3 Bf5 45. Re3 1-0

[Event "Norway Chess 1st"]
[Site "Stavanger"]
[Date "2013.05.18"]
[Round "9"]
[White "Wang, Hao"]
[Black "Anand, Viswanathan"]
[Result "1-0"]
[WhiteElo "2743"]
[BlackElo "2783"]
[Annotator "Sumets,A"]
[PlyCount "75"]
[EventDate "2013.05.08"]
[EventType "tourn"]
[EventRounds "9"]
[EventCountry "NOR"]
[EventCategory "21"]
[SourceTitle "CBM 155"]
[Source "ChessBase"]
[SourceDate "2013.07.16"]
[SourceVersion "1"]
[SourceVersionDate "2013.07.16"]
[SourceQuality "1"]

1. c4 c5 2. Nc3 g6 3. Nf3 Bg7 4. d4 cxd4 5. Nxd4 Nc6 6. e3 Nf6 7. Be2 d5 {
A rare line. Usually Black plays ...d5 after castling short.} (7... O-O 8. O-O
d5) 8. cxd5 Nxd5 9. Nxc6 (9. Ndb5 {is not dangerous for Black:} Nxc3 10. Qxd8+
Nxd8 11. bxc3 (11. Nc7+ $2 Kd7 12. Nxa8 Nxe2 13. Kxe2 b6 14. Rd1+ Kc6 $17)
11... O-O 12. O-O Bf5 $11) 9... bxc6 10. Na4 O-O 11. O-O Bf5 {Black has other
options which gives him an equal game.} (11... Rb8 12. Bd2 (12. e4 $5 Nc7 13.
Be3 Ne6 14. Rc1 Qa5 15. b3 Rd8 16. Qe1 Qxe1 17. Rfxe1 $14) 12... Nb6 13. Nc3
Nd5 14. Na4 Nb6 (14... Bf5 $5) (14... Qd6 $5) 15. Nc3 Nd5 16. Qc1 (16. Na4 $11)
16... Nb4 $1 17. Rd1 Nd3 18. Bxd3 Qxd3 19. Be1 Qf5 (19... Qa6 $5 20. b3 c5 21.
Rb1 Bf5 22. e4 Bg4 23. f3 Be6 $15) 20. Na4 Qb5 21. Qc2 Ba6 (21... Be6 22. Rac1
Bxa2 23. b4 Be6 24. Nc5 $44) 22. Bc3 Bxc3 23. bxc3 Rfd8 24. h3 Qc4 25. Rd4 Qe2
{1/2 Vera Gonzalez Quevedo,R (2534)-Abreu Delgado,A (2480) Holguin 2002}) (
11... Nb6 12. Nc5 Nd7 13. Nxd7 Bxd7 14. Qc2 Be6 15. Bd2 Bf5 16. Qc1 Bd3 17.
Bxd3 Qxd3 18. Rd1 Rfd8 19. Bb4 (19. Bc3 Qxd1+ 20. Qxd1 Rxd1+ 21. Rxd1 Bxc3 22.
bxc3 Rb8 $11) 19... Qe2 20. Bxe7 Rxd1+ 21. Qxd1 Qxb2 $15 {0-1 Van Scheltinga,
T-Tarjan,J Wijk aan Zee 1974 0-1 (29)}) 12. g4 $1 {The only chance to play for
an advantage.} (12. Bd2 Rb8 13. Qc1 Qd6 14. Rd1 Qf6 (14... Rfd8 {it seems that
Black has better chances} 15. Bf3 Nb4 $15) 15. Bf3 Qe5 16. Qc4 Nb6 17. Nxb6
Rxb6 18. Bc3 Qb5 19. Qxb5 cxb5 20. Rac1 Rc8 21. Bxg7 Kxg7 22. Kf1 b4 23. Ke1 {
1/2-1/2 Landa,K-Atalik,S Bad Wiessee 2003}) 12... Be6 (12... Bd7 {This move
deserves attention. Black should have played ...Nc7 with the following ...Ne6,
...Nd4. Let's see the game.} 13. e4 Nb6 (13... Nc7 $1 14. Nc5 Bc8 15. Rb1 Ne6
16. Nxe6 Bxe6 $11) 14. Nc5 Qc7 15. Nd3 $6 (15. Qc2 Rad8 16. Be3 $14) 15... c5
16. Bf4 e5 $2 (16... Qc6 $1 17. Bf3 Rad8 18. Qe2 Be6 19. Rac1 Bc4) 17. Be3 $14
{Godes,D-Carmel,E Tel Aviv 2001 1-0 (37)}) 13. e4 Nb4 14. Nc5 $1 Bxa2 $2 {
It is very difficult to explain this move. It can be assumed that Anand didn't
see or underestimated 16.Qa5.} (14... Qxd1 15. Rxd1 (15. Bxd1 $2 Bxa2 $17)
15... Nc2 16. Nxe6 $8 (16. Rb1 $2 Bxa2 $18) 16... fxe6 17. Rb1 Bd4) (14... Qd6
$5 15. Be3 (15. Nxe6 $6 Qxe6 16. Qb3 Qxe4 17. Bf3 Qd3 18. Rd1 Qxb3 19. axb3 a5
20. Rd7 e6 $15) 15... Rfb8 16. a3 Qxd1 17. Bxd1 Bxb2 18. Rb1 Na2 (18... Bxa3 $2
19. Nxe6 fxe6 20. Rb3 $18) 19. Bb3 Bxb3 20. Rxb2 Bc4 21. Rfb1 Rb6 22. Rxb6 axb6
23. Rxb6 Nc3 24. Rxc6 Nxe4 $1 25. Nxe4 Bd5 $11) 15. Qa4 $1 Qd4 (15... a5 16.
Rxa2 Nxa2 17. Qxa2 $16) 16. Qa5 $1 {We can evaluate this position as very
dangerous for Black. All this is a consequence of one bad move 14....Bxa2.}
Rfd8 (16... Be5 17. Rd1 Bxh2+ 18. Kg2 Bc7 19. Qxc7 $1 ({Not so clear} 19. Rxd4
Bxa5 20. Rxb4 Bxb4 21. Na6 Bd6 22. Rxa2) 19... Qxc5 20. Bh6 a5 21. Bxf8 Rxf8
22. Rac1 Qg5 23. Rc3 $16) 17. Kg2 $6 (17. Rd1 $1 {After this move Anand could
resign very soon.} Qxd1+ 18. Bxd1 Rxd1+ 19. Kg2 Rb8 (19... Nc2 20. Qa4 Ne1+ (
20... Nxa1 21. Qxd1 $18) 21. Kg3 $1 $18) (19... Rd4 20. Be3 Rc4 21. Rxa2 Nxa2
22. Qxa2 $18) 20. Bf4 Rxa1 21. Bxb8 $18) 17... Bc4 18. Rd1 $1 Bxe2 (18... Qxd1
19. Bxd1 Rxd1 20. Qxb4 Bf1+ 21. Kf3 $18 (21. Kh1 $4 Bh3+ 22. Qe1 Rxe1#)) 19.
Rxd4 Rxd4 20. Be3 Rc4 21. Re1 $1 $16 Bxg4 22. b3 Rxc5 23. Bxc5 Nd3 $6 (23...
Nc2 $1 {The world champion's last chance to escape was a fortress. He could
try to achieve a fortress after} 24. Rc1 Nd4 25. Bxd4 Bxd4 26. Rxc6 e5 27. Rd6
$6 (27. Qd5 Re8 28. b4 Be6 29. Qd6 Kg7 30. Rc7 Kg8 31. h4 {I believe that
gradually White will win this position}) 27... Kg7 28. Rd8 $2 Rxd8 29. Qxd8 Be6
{Despite the computer assessment +2, I have serious doubts that White can win.
Especially if he plays} 30. f4 $2 Bb6 (30... Bxb3 $5 31. f5 f6 32. Qc7+ Bf7)
31. Qb8 exf4 32. Qxf4 Bxb3) 24. Re3 Nxc5 25. Qxc5 e5 26. Rd3 Rc8 27. Qxa7 Bf8
28. Qb7 $18 {Compare this position with the position after 23...Nc2.} c5 29.
Rd5 f6 30. Rd2 Re8 31. Ra2 Re7 32. Qb6 Rf7 33. f3 Bh5 34. Ra8 Kg7 35. Rxf8 Rxf8
36. Qxc5 g5 37. b4 Ra8 38. b5 1-0